1098 1183 1143 1924 1303 1855 1483 1141 1828 1732 1431 1101 1368 1807 1609 1389 1861 1762 1614 1598 1557 1339 1720 1429 1433 1703 1921 1494 1736 1465 1400 1052 1427 1264 1499 1959 1314 1095 1778 1581 1686 1073 1088 1895 1869 1168 1214 1529 1034 1682 1655 1590 1938 1002 1209 1926 1868 1501 1567 1781 1756 1704 1169 1610 1025 1737 1932 1650 1011 1585 1236 1116 1509 1060 1012 1512 1790 1738 1449 1162 1639 1155 1226 1439 1458 1459 1533 1799 1192 1118 1700 1974 1847 1448 1058 1770 1509 1266 1730 BCNSPRNW ULIB Ver.6.0+V

เปลี่ยนเป็นภาษาไทย

Change to English
 แสดงรายละเอียดบรรณานุกรม
  กลับหน้าหลัก

Brief Record : Get Marc (ISO 2709) : E-mail record : QR code < ปิดหน้าต่าง
LEADER : 00000nam 2200000uu 4500
001    13399115019
003     ULIB
008    020711s2552 th a 000 0 tha d
020    ^a9789742126896
082 04 ^aรส.^bบ826A
090    ^aรส.^bบ826A
100    ^aFrances Hodgson Burnett
245    ^aเจ้าหญิงน้อยผู้ทรนง /^cFrances Hodgson Burnett
260    ^aกรุงเทพฯ :^bซีเอ็ด,^c2552
300    68 หน้า
500    ชุดอ่านอังกฤษ เก่งอังกฤษ
501    Stage 1
945    ^p75^l0^i028468
999 ^a ทศพร
รายการนี้ยังไม่มีแท็ก
คุณยังไม่ได้ล็อกอิน คุณสามารถมีกิจกรรมร่วมกับเว็บไซต์ได้ แต่ต้องล็อกอินก่อน ::
  ล็อกอิน

รายการสื่อสารสนเทศ

ลำดับที่ ประเภท เลขเรียก/บาร์โค้ด สถานที่ สถานะ
1. นวนิยาย
นวนิยาย
รส. บ826A รส. บ826A ฉ.1 
  Barcode: 028468
ห้องสมุดวิทยาเขตสวรรค์ประชารักษ์
►นวนิยาย
บนชั้น
  ขอยืม

BibComment


ยังไม่เคยถูกคอมเมนท์

คอมเมนท์ทรัพยากรรายการนี้
  คอมเมนท์: เจ้าหญิงน้อยผู้ท..

สมาชิกที่บันทึกรายการนี้ไว้ในรายการโปรด
นางสาวนุชศรา พรมชัย

 Copyright 2026. Bcnsprnw @Library